| 000 | 00537nam a2200205Ia 4500 | ||
|---|---|---|---|
| 003 | GCL | ||
| 008 | 140319s9999 xx 000 0 eng d | ||
| 040 |
_aGCL / _cGCL |
||
| 082 | 0 | 4 |
_a427 _bT D |
| 100 | 1 | _aTRUDGILL, PETER | |
| 245 | 1 | 0 |
_aDIALECTS OF ENGLISH: STUDIES IN GRAMMATICAL VARIATION / _cTRUDGILL, PETER |
| 700 | 1 | _aCHAMBERS, J.K. | |
| 260 |
_a[S.N] : _bLONGMAN ، _c1990 |
||
| 300 | _a306 P | ||
| 650 | 0 | 4 | _aGRAMMAR |
| 650 | 0 | 4 | _aVARIATION (BIOLOGY) |
| 650 | 0 | 4 | _aENGLISH LANGUAGE |
| 650 | 0 | 4 | _aDIALECT |
| 942 |
_2ddc _cBK |
||
| 999 |
_c24643 _d24643 |
||